| 000 | 00532nam a2200169Ia 4500 | ||
|---|---|---|---|
| 003 | SGT | ||
| 020 | _a9789380016269 | ||
| 082 |
_a620.11 _bBED |
||
| 100 | _aBedi,D.S | ||
| 245 | _aStrength of materials | ||
| 250 | _a5th Rev. . Ed. | ||
| 260 |
_bKhanna Books Publishing Co. Ltd. _aN. Delhi _c2010 |
||
| 300 | _a727p. | ||
| 650 | _aCIVIL ENGINEERING | ||
| 653 | _aSIMPLE STRESS AND STRAIN, COMPLEX STRESSES AND STRAINS, BENDING STRESSES, SHEAR STRESSES IN BEAMS, TORSION OF CIRCULAR SHAFTS, STRUTS AND COLUMNS | ||
| 942 |
_2ddc _cBK _03 |
||
| 999 |
_c5059 _d5059 |
||